| 000 | 00517nam a2200181Ia 4500 | ||
|---|---|---|---|
| 003 | OSt | ||
| 005 | 20240924103042.0 | ||
| 008 | 220927b |||||||| |||| 00| 0 eng d | ||
| 040 |
_aSDCL _cSDCL _beng |
||
| 041 |
_2eng _aeng |
||
| 082 | _aR J8 | ||
| 100 |
_aPatrick, George Thomas White _9451044 |
||
| 245 | 0 | _aIntroduction to philosophy. | |
| 260 |
_aLondon: _bGeorge Allen & Unwin, _c1958. |
||
| 300 | _axii,482p. | ||
| 942 |
_hR J8 _cTEXL _2CC |
||
| 999 |
_c765167 _d765167 |
||